| 000 | 00000nam##2200000za#4500 |
| 001 | 9.680683 |
| 003 | CaOODSP |
| 005 | 20200330064603 |
| 007 | ta |
| 008 | 150407|1999||||xxc||||| f|0| 0 fre|d |
| 040 | |aCaOODSP|bfre |
| 043 | |an-cn--- |
| 086 | 1 |aSN3-324/1999F |
| 110 | 1 |aCanada.|bBibliothèque nationale du Canada. |
| 245 | 13|aLe fonds Otto-Joachim : |brépertoire numérique / |cpar Stéphane Jean. Publié par la Division de la musique. |
| 260 | |aOttawa - Ontario : |bBibliothèque nationale du Canada |c1999. |
| 300 | |a59p. : |bill. ; |c28 cm. |
| 500 | |aDonnées de catalogage avant publication (Canada) imprimées dans cette publication. |
| 563 | |aReliure à spirale |
| 590 | |a00-06|b2000-02-11 |
| 691 | 07|aMusique|2gcpds |
| 720 | 1 |aJean, Stéphane |
| 775 | 08|tThe Otto Joachim fonds : |w(CaOODSP)9.647253 |
| 776 | 0#|tLe fonds Otto-Joachim : |w(CaOODSP)9.640071 |